00481nam a2200133Ia 4500008004100000020002200041082001800063100004600081245007800127300000800205942001200213999001900225952010300244210430s9999 xx 000 0 und d a978-969-9532-02-3 a1158.3 S5256H aDr. Safdar Ali Shah & Syed Javaid A. Kazi 4aThe Hindu Heritage of PakistancDr. Safdar Ali Shah & Syed Javaid A. Kazi a122 cBK2ddc c565390d565390 00102ddc4070aSCMEbSCMEcGENd0006-10-15o1158.3 S5256HpSCME-4601r2021-04-30w2021-04-30yBK